On This Day (March 9th) Multiple Choice - Statistics

General Stats
  • This quiz has been taken 9 times
    3 since last reset
  • The average score is 6 of 16
Answer Stats
Question Answer % Correct
1959 – Which popular toy makes its debut at the American International Toy Fair in New York ? Barbie Doll
100%
1997 – Christopher George Latore Wallace, American rapper, songwriter, and actor is murdered on this day, by what name is he better known ? The Notorious B.I.G
100%
2015 - Two helicopters collide killing all 10 occupants, including producers and guests from French TV survival series Dropped, in which country? Argentina
50%
1815 – Francis Ronalds describes the first what in the "Philosophical Magazine" ? Battery-operated Clock
50%
1562 - Kissing in public is banned in Naples and is punishable to what degree ? Death
50%
1976 – Forty-two people die in the Cavalese cable car disaster, the worst cable-car accident to date in which range of mountains ? Dolomites
50%
1454 – Amerigo Vespucci, cartographer and explorer is born in which Italian city ? Florence
50%
1956 – Soviet forces, reacting to Nikita Khrushchev's de-Stalinization policy, suppress mass demonstrations in which former region of the USSR ? Georgia
50%
2012 - Rock 'n' roll legend Jerry Lee Lewis weds his cousin's ex Judith Brown in which city ? Natchez, Mississippi
50%
2011 – Space Shuttle Discovery makes its final landing after how many flights ? 39
0%
1983 - Zimbabwean opposition leader Joshua Nkomo flees to which country ? Botswana
0%
1009 – First known mention, in the annals of the monastery of Quedlinburg, of which country ? Lithuania
0%
1935 - Adolf Hitler publically announces the creation of what ? Luftwaffe
0%
1842 – The first documented discovery of gold in California occurs at Rancho San Francisco, how long before the California Gold Rush ? Six Years
0%
1945 – World War II: Around 100,000 people are killed and over a million left homeless in the first nocturnal incendiary attack on which city ? Tokyo
0%
1977 - Hanafi Muslims invade 3 buildings in which city? Washington D.C.
0%
No matching quizzes found
Score Distribution
Percent of People with Each Score
Percentile by Number Answered
Your Score History
You have not taken this quiz since the last reset